Prirodno-ekonomičeskije osnovy regionaľnogo planirovanja ochrany rek ot zagrjaznenija /

Saved in:
Bibliographic Details
Main Author: Morokov, V.V (Author)
Format: Book
Language:Russian
Published: Leningrad : Gidrometeoizdat, 1987
Tags: Add Tag
No Tags, Be the first to tag this record!

MARC

LEADER 00000nam a22000003a 4500
001 stu29490
005 20150617225737.8
008 950622s1987----xxr-----------------rus-d
040 |a STU  |b slo 
041 0 |a rus 
044 |a xxr 
080 |a 551.311 
080 |a 054  |7 stu_us_auth*stu3423 
100 1 |a Morokov, V.V  |4 aut 
245 1 |a Prirodno-ekonomičeskije osnovy regionaľnogo planirovanja ochrany rek ot zagrjaznenija /  |c [aut]Morokov,V.V 
260 |a Leningrad :  |b Gidrometeoizdat,  |c 1987 
300 |a 285 s 
996 |c V*35697/O-14832  |l VV17  |s P  |a 0  |w stu29490_0001